Vocational education and changing conditions; (Record no. 21402)
[ view plain ]
| 000 -LEADER | |
|---|---|
| fixed length control field | 01613cam a22002651 4500 |
| 001 - CONTROL NUMBER | |
| control field | e 34000564 |
| 003 - CONTROL NUMBER IDENTIFIER | |
| control field | DLC |
| 005 - DATE AND TIME OF LATEST TRANSACTION | |
| control field | 20260227111224.0 |
| 008 - FIXED-LENGTH DATA ELEMENTS--GENERAL INFORMATION | |
| fixed length control field | 860902s1934 dcua b f000 0 eng c |
| 010 ## - LIBRARY OF CONGRESS CONTROL NUMBER | |
| LC control number | e 34000564 |
| 035 ## - SYSTEM CONTROL NUMBER | |
| System control number | (OCoLC)14172301 |
| 040 ## - CATALOGING SOURCE | |
| Original cataloging agency | Library, U.S. Office of Education |
| Transcribing agency | MiD |
| Modifying agency | MiD |
| -- | OCoLC |
| -- | DLC |
| 042 ## - AUTHENTICATION CODE | |
| Authentication code | premarc |
| 050 00 - LIBRARY OF CONGRESS CALL NUMBER | |
| Classification number | LC1045 |
| Item number | .A25 no. 174 |
| 100 1# - MAIN ENTRY--PERSONAL NAME | |
| Personal name | Prosser, Charles A. |
| Fuller form of name | (Charles Allen), |
| Dates associated with a name | 1871-1952. |
| 245 10 - TITLE STATEMENT | |
| Title | Vocational education and changing conditions; |
| Remainder of title | changing economic and social conditions and their effect upon vocational education ... 1934. |
| Statement of responsibility, etc. | United States Department of the Interior, Harold L. Ickes, secretary. Office of Education, George F. Zook, commissioner. |
| 260 ## - PUBLICATION, DISTRIBUTION, ETC. | |
| Place of publication, distribution, etc. | Washington, |
| Name of publisher, distributor, etc. | U.S. Govt. Print. Off., |
| Date of publication, distribution, etc. | 1934. |
| 300 ## - PHYSICAL DESCRIPTION | |
| Extent | v, 112 p. |
| Other physical details | diagrs. |
| Dimensions | 23 cm. |
| 410 10 - SERIES STATEMENT/ADDED ENTRY--CORPORATE NAME [OBSOLETE, CAN/MARC], [LOCAL, USA] | |
| Corporate name or jurisdiction name as entry element | United States. |
| Subordinate unit | Office of Education. |
| Title of a work | Vocational education bulletin |
| Volume number/sequential designation | no. 174. |
| 500 ## - GENERAL NOTE | |
| General note | The inquiry on which this report is based was undertaken at the request of the American Vocational Association, by the Federal Board for Vocational Education. A committee from the association served in a cooperating and advisory capacity. Dr. C.A. Prosser prepared the present report. cf. Foreword. |
| 501 ## - WITH NOTE | |
| With note | With : Vocational teacher training in the industrial field / American Vocational Association. Committee on Trade and Industrial Teacher Training. Washington : Govt. Print. Off., 1934. Bound together subsequent to publication. |
| Institution to which field applies | DLC |
| 504 ## - BIBLIOGRAPHY, ETC. NOTE | |
| Bibliography, etc. note | "Notes and references": p. 91-112. |
| 650 #0 - SUBJECT ADDED ENTRY--TOPICAL TERM | |
| Topical term or geographic name entry element | Vocational education. |
| 710 2# - ADDED ENTRY--CORPORATE NAME | |
| Corporate name or jurisdiction name as entry element | American Vocational Association. |
No items available.